| 000 | 01948cam a2200409 i 4500 | ||
|---|---|---|---|
| 999 |
_c9692 _d9692 |
||
| 001 | 21893139 | ||
| 003 | GBCCL | ||
| 005 | 20241126110717.0 | ||
| 008 | 210205s2020 ii b 000 0 eng | ||
| 010 | _a 2020331228 | ||
| 020 | _a9789388945776 | ||
| 020 |
_z9789388945899 _q(Kindle edition) |
||
| 025 | _aI-E-2020331228; 13-91; 70-91 | ||
| 037 | _bLibrary of Congress -- New Delhi Overseas Office | ||
| 040 |
_aDLC _beng _erda _cDLC _dDLC |
||
| 042 |
_alcode _apcc |
||
| 050 | 0 | 0 |
_aBV4445 _b.G63 2020 |
| 082 |
_a270.082 _bGNA |
||
| 100 | 1 |
_aGnanadason, Aruna, _d1949- _eauthor. _912917 |
|
| 245 | 1 | 0 |
_aChurch and gender justice / _cAruna Gnanadason. |
| 264 | 1 |
_aDelhi : _bISPCK : _bCWM, a partnership of churches in mission, _c2020. |
|
| 300 |
_axvi, 143 pages ; _c22 cm. |
||
| 336 |
_atext _btxt _2rdacontent |
||
| 337 |
_aunmediated _bn _2rdamedia |
||
| 338 |
_avolume _bnc _2rdacarrier |
||
| 490 | 0 | _aReimagining church as event: perspectives from the margins | |
| 504 | _aIncludes bibliographical references. | ||
| 505 | _aForeword / Colin Cowan Introduction / Philip Vinod Peacock 1. Partiarchy and gender constructions exposed 2. The church as a bastion of patriarchy 3. Celebrating sexuality : reedming our bodies 4. Women : nurturing the earth, protecting life 5. Remimagining church as event! Bible study 1: Ruth, Naomi, and Orpah : a story of solidarity and community Bible study 2 : Becoming a transformed and transforming Ecclesia Liturgy : women celebrating church as event Poems, prayers, worship resources Afterword / Kochurani Abraham | ||
| 530 | _aAlso available as an e-book. | ||
| 650 | 0 |
_aChurch work with women. _910207 |
|
| 650 | 0 |
_aWomen in Christianity. _91137 |
|
| 650 | 0 |
_aSex role _xReligious aspects _xChristianity. _92130 |
|
| 650 | 0 |
_aFeminist theology. _981 |
|
| 906 |
_a7 _bcbc _corigode _d3 _encip _f20 _gy-gencatlg |
||
| 942 |
_2ddc _cBK _01 |
||